Đánh giá hiệu quả kỹ thuật và tài chính của mô hình nuôi tôm sú quảng canh cải tiến và tôm - lúa tại huyện Thới Bình, tỉnh Cà Mau : Luận văn tốt nghiệp Cao học. Chuyên ngành Nuôi trồng thủy sản
Khảo sát hiện trạng hiệu quả kỹ thuật và tài chính của mô hình nuôi tôm sú quảng canh cải tiến và tôm - lúa, phân tích thuận lợi, khó khăn và đề xuất các giải pháp cải tiến kỹ thuật, tài chính để nâng cao hiệu quả sản xuất của mô hình nu...
Đã lưu trong:
| Príomhúdar: | |
|---|---|
| Formáid: | Leabhar |
| Teanga: | Undetermined |
| Foilsithe: |
Cần Thơ
Trường Đại học Cần Thơ
2017
|
| Ábhair: | |
| Clibeanna: |
Cuir Clib Leis
Gan Chlibeanna, Bí ar an gcéad duine leis an taifead seo a chlibeáil!
|
| Thư viện lưu trữ: | Trung tâm Học liệu Trường Đại học Cần Thơ |
|---|
| LEADER | 01318nam a2200217Ia 4500 | ||
|---|---|---|---|
| 001 | CTU_221308 | ||
| 008 | 210402s9999 xx 000 0 und d | ||
| 082 | |a 639.68 | ||
| 082 | |b Nh121 | ||
| 088 | |a 60620301 | ||
| 100 | |a Bành, Văn Nhẫn | ||
| 245 | 0 | |a Đánh giá hiệu quả kỹ thuật và tài chính của mô hình nuôi tôm sú quảng canh cải tiến và tôm - lúa tại huyện Thới Bình, tỉnh Cà Mau : | |
| 245 | 0 | |b Luận văn tốt nghiệp Cao học. Chuyên ngành Nuôi trồng thủy sản | |
| 245 | 0 | |c Bành Văn Nhẫn ; Võ Nam Sơn, Nguyễn Thanh Phương (Cán bộ hướng dẫn) | |
| 260 | |a Cần Thơ | ||
| 260 | |b Trường Đại học Cần Thơ | ||
| 260 | |c 2017 | ||
| 520 | |a Khảo sát hiện trạng hiệu quả kỹ thuật và tài chính của mô hình nuôi tôm sú quảng canh cải tiến và tôm - lúa, phân tích thuận lợi, khó khăn và đề xuất các giải pháp cải tiến kỹ thuật, tài chính để nâng cao hiệu quả sản xuất của mô hình nuôi tôm sú quảng canh. | ||
| 650 | |a Shrimp culture,Nuôi tôm | ||
| 910 | |a Hải | ||
| 980 | |a Trung tâm Học liệu Trường Đại học Cần Thơ | ||